000 00222nam a22000857a 4500
008 161210b xxu||||| |||| 00| 0 eng d
100 _91973
_aBarratt.etal
245 _aPanchtantra Classic Stories
260 _aNew Delhi
_bRPB
_c2003
999 _c4772
_d4772